Composition and processing influence on the performance of graphene-containing SBR/BR rubber compounds (Record no. 74919)

MARC details
000 -LEADER
fixed length control field 01827nam a22001577a 4500
100 ## - MAIN ENTRY--AUTHOR NAME
Personal name Gheller, J
245 ## - TITLE STATEMENT
Title Composition and processing influence on the performance of graphene-containing SBR/BR rubber compounds
260 ## - PUBLICATION, DISTRIBUTION, ETC. (IMPRINT)
Name of publisher Journal of Rubber Research, 25(4): 357-365.
Year of publication 2022
520 ## - SUMMARY, ETC.
Summary, etc Rubber nanocomposites filled with layered 2D materials as graphene nanoflakes (GNf) have a promising future and the conditions to produce these elastomeric nanocomposites are still being explored. Considering the current status, no studies have been undertaken to unravel the exfoliation and dispersion of GNf in rubber compounds reinforced with silica. In the present research, some of the challenges in processing rubber composites with GNf are discussed. Silica and GNf filled styrene butadiene copolymer rubber and polybutadiene rubber nanocomposites were prepared using two different procedures. In the first procedure, graphene was pre-dispersed in oil and sonification was applied, this mixture was then added to the rubber compound in a closed mixing chamber. In the second procedure, GNf were added directly into the rubber compounds processed in a closed mixing chamber equipped with a double interconnect rotor where, (1) time of GNf shearing, (2) order of GNf addition (before and after silanisation), and (3) GNf content were considered. Pertaining to the different mixtures produced, cure, physical, mechanical, and electrical properties were evaluated, revealing challenges in obtaining good properties with nanofillers which demand for exfoliation and good dispersion in the elastomeric matrix.
650 ## - SUBJECT ADDED ENTRY--TOPICAL TERM
Topical Term Graphene rubber nanocomposites
650 ## - SUBJECT ADDED ENTRY--TOPICAL TERM
Topical Term Rubber processing
650 ## - SUBJECT ADDED ENTRY--TOPICAL TERM
Topical Term Silica graphene nanocomposites
700 ## - ADDED ENTRY--PERSONAL NAME
Personal name Zanchet, A
856 ## - ELECTRONIC LOCATION AND ACCESS
Uniform Resource Identifier https://doi.org/10.1007/s42464-022-00182-3
942 ## - ADDED ENTRY ELEMENTS (KOHA)
Koha item type Journals
Holdings
Withdrawn status Lost status Damaged status Not for loan Home library Current library Date acquired Koha item type
        RRII Library RRII Library 28/12/2022 Journals